Statistics for Smallest Capital Cities in the Americas

Click here to take the quiz!

General Stats

  • This quiz has been taken 35 times
  • The average score is 7 of 10

Answer Stats

populationcapital% Correct
16,451Belmopan
83%
7,500St George's
77%
22,679St John's
77%
134,599Georgetown
70%
13,043Basseterre
67%
40,020Kingstown
67%
14,847Roseau
67%
110,000Bridgetown
63%
70,000Castries
63%
50,479Port of Spain
63%

Score Distribution

Percentile by Number Answered

Percent of People with Each Score

Your Score History

You have not taken this quiz